Understanding business statistics (Record no. 78449)

MARC details
000 -LEADER
fixed length control field 01429nam a2200253 a 4500
008 - FIXED-LENGTH DATA ELEMENTS--GENERAL INFORMATION
fixed length control field 120416s1991 ||||||||||||||||| || u
020 ## - INTERNATIONAL STANDARD BOOK NUMBER
International Standard Book Number 0256066272
050 ## - LIBRARY OF CONGRESS CALL NUMBER
Classification number HD 30.215 Han
100 ## - MAIN ENTRY--PERSONAL NAME
Personal name Hanke, John E., 1940-
245 10 - TITLE STATEMENT
Title Understanding business statistics
260 ## - PUBLICATION, DISTRIBUTION, ETC.
Place of publication, distribution, etc. Homewood, IL :
Name of publisher, distributor, etc. Irwin
Date of publication, distribution, etc. 1991
300 ## - PHYSICAL DESCRIPTION
Extent xviii, 878p. : ill
350 ## -
-- 0.00
490 ## -
-- The Irwin series in quantitative analysis for business
500 ## - GENERAL NOTE
General note Includes bibliographical references (p. 869-871) and index.
650 ## - SUBJECT ADDED ENTRY--TOPICAL TERM
Topical term or geographic name entry element Industrial management--Statistical methods
650 #0 - SUBJECT ADDED ENTRY--TOPICAL TERM
Topical term or geographic name entry element MANAGEMENT
700 ## - ADDED ENTRY--PERSONAL NAME
Personal name Reitsch, Arthur G., 1938-
995 ## -
-- BINDERY (DAMAGED)
-- 0.00
-- 725783
-- CBU-MAIN LIBRARY (Kitwe)
-- 1
-- 35.00
-- HD 30.215 Han
-- 4
-- DAMAGED
-- 002564
-- Main Library Open Access Collection
995 ## -
-- MAIN LIBRARY OPEN ACCESS
-- 0.00
-- 725781
-- CBU-MAIN LIBRARY (Kitwe)
-- 4
-- 35.00
-- HD 30.215 Han
-- 5
-- LOST
-- 725781
-- Main Library Open Access Collection
995 ## -
-- BINDERY (DAMAGED)
-- 0.00
-- 725782
-- CBU-MAIN LIBRARY (Kitwe)
-- 3
-- 35.00
-- HD 30.215 Han
-- 3
-- DAMAGED
-- 002563
-- Main Library Open Access Collection
995 ## -
-- ANNEX COLLECTION (Main Library)
-- 0.00
-- 725784
-- CBU-MAIN LIBRARY (Kitwe)
-- 2
-- 35.00
-- HD 30.215 Han
-- 2
-- AVAILABLE
-- 002562
-- Annex Low-Usage Collection
995 ## -
-- MAIN LIBRARY OPEN ACCESS
-- 0.00
-- 725785
-- CBU-MAIN LIBRARY (Kitwe)
-- 5
-- 35.00
-- HD 30.215 Han
-- 1
-- AVAILABLE
-- 002561
-- Main Library Open Access Collection
999 ## -
-- 78449
-- 78449
Holdings
Withdrawn status Lost status Source of classification or shelving scheme Damaged status Not for loan Permanent Location Current Location Shelving location Date acquired Total Checkouts Full call number Barcode Date last seen Copy number Price effective from Koha item type
          CBU-MAIN LIBRARY, KITWE. CBU-MAIN LIBRARY, KITWE.   05/17/2023   HD 30.215 Han 002564 05/17/2023 1 05/17/2023 MONOGRAPH
          CBU-MAIN LIBRARY, KITWE. CBU-MAIN LIBRARY, KITWE.   05/17/2023   HD 30.215 Han 725781 05/17/2023   05/17/2023 MONOGRAPH
          CBU-MAIN LIBRARY, KITWE. CBU-MAIN LIBRARY, KITWE.   05/17/2023   HD 30.215 Han 002563 05/17/2023 3 05/17/2023 MONOGRAPH
          CBU-MAIN LIBRARY, KITWE. CBU-MAIN LIBRARY, KITWE.   05/17/2023   HD 30.215 Han 002562 05/17/2023 4 05/17/2023 MONOGRAPH
          CBU-MAIN LIBRARY, KITWE. CBU-MAIN LIBRARY, KITWE.   05/17/2023   HD 30.215 Han 002561 05/17/2023 5 05/17/2023 MONOGRAPH